000 00456nam a2200157 i 4500
001 28902
003 ES-MaACL
005 20230906153941.0
007 t|
008 030120s1891 sp ||||1| spa d
100 1 _aBalsa de la Vega, Rafael.
_925104
245 1 0 _aArtistas y críticos españoles /
_cR. Balsa de la Vega.
260 _aBarcelona :
_b[s.n.,
_c1891] (
_fArte y Letras)
300 _aXX, 202 p. ;
_c19 cm.
852 _aES-MaACL
_jD-1008
_bR.1216
999 _c28902
_d28902